Dinero y economía / (Registro nro. 5602)

Detalles MARC
000 -LEADER
fixed length control field 01160nam a2200289Ia 4500
003 - CONTROL NUMBER IDENTIFIER
control field OSt
005 - DATE AND TIME OF LATEST TRANSACTION
control field 20200620174129.0
008 - FIXED-LENGTH DATA ELEMENTS--GENERAL INFORMATION
fixed length control field 191128s2009 ck a fr 000 0dspa d
020 ## - INTERNATIONAL STANDARD BOOK NUMBER
International Standard Book Number 9789586707039
040 ## - CATALOGING SOURCE
Original cataloging agency CO-JMCR
Transcribing agency CO-JMCR
041 0# - LANGUAGE CODE
Language code of text/sound track or separate title spa
082 04 - DEWEY DECIMAL CLASSIFICATION NUMBER
Classification number 332.401 /
Item number T244d
Edition number 23
100 1# - MAIN ENTRY--PERSONAL NAME
Personal name Téllez Ariza, Neftali,
Relator term autor
9 (RLIN) 5876
245 10 - TITLE STATEMENT
Title Dinero y economía /
Statement of responsibility, etc. Neftalí Téllez Ariza
250 ## - EDITION STATEMENT
Edition statement Primera edición
260 ## - PUBLICATION, DISTRIBUTION, ETC.
Place of publication, distribution, etc. Cali :
Name of publisher, distributor, etc. Programa Editorial Universidad del Valle,
Date of publication, distribution, etc. 2009
300 ## - PHYSICAL DESCRIPTION
Extent 312 páginas :
Other physical details ilustraciones a blanco y negro ;
Dimensions 24 cm.
490 0# - SERIES STATEMENT
Series statement Colección libro de investigación
500 ## - GENERAL NOTE
General note Incluye datos biográficos del autor en solapa frontal.
504 ## - BIBLIOGRAPHY, ETC. NOTE
Bibliography, etc. note Bibliografía: página 312
505 0# - FORMATTED CONTENTS NOTE
Formatted contents note Modelo de la organización sencilla del sistema de medios de pago en una economía. El dinero interno y el dinero externo en modelos básicos de intermediación financiera. Identificación del mercado de dinero
650 14 - SUBJECT ADDED ENTRY--TOPICAL TERM
Topical term or geographic name entry element Teoría monetaria
9 (RLIN) 4782
650 14 - SUBJECT ADDED ENTRY--TOPICAL TERM
Topical term or geographic name entry element Política monetaria
General subdivision moneda
9 (RLIN) 5877
650 14 - SUBJECT ADDED ENTRY--TOPICAL TERM
Topical term or geographic name entry element Mercado monetario
9 (RLIN) 5878
650 24 - SUBJECT ADDED ENTRY--TOPICAL TERM
Topical term or geographic name entry element Medios de pago
9 (RLIN) 5879
942 ## - ADDED ENTRY ELEMENTS (KOHA)
Source of classification or shelving scheme Dewey Decimal Classification
Koha item type Books
Existencias
Withdrawn status Lost status Source of classification or shelving scheme Damaged status Not for loan Collection code Home library Current library Date acquired Source of acquisition Cost, normal purchase price Total Checkouts Full call number Barcode Date last seen Date last checked out Copy number Koha item type
    Dewey Decimal Classification     Non-fiction Biblioteca Pública José María del Castillo y Rada Biblioteca Pública José María del Castillo y Rada 04/15/2018 Donación 0.00 1 332.401 / T244d 430002528 03/10/2026 03/10/2026 Ej.1 Books